000
00210 a2200097 4500
001
22576
100
_a
Tillett, J
245
_a
Practical Comprehension
260
_a
_b
Hutchin son
_c
1962
090
_c
15235
_d
15235
942
_a
NUST-CAE
_c
M
_c
5820
999
_c
257649
_d
257649